Technology for inclusion (Record no. 1969)

MARC details
000 -LEADER
fixed length control field 00448nam a2200157Ia 4500
008 - FIXED-LENGTH DATA ELEMENTS--GENERAL INFORMATION
fixed length control field 230312s9999||||xx |||||||||||||| ||und||
020 ## - INTERNATIONAL STANDARD BOOK NUMBER
International Standard Book Number 0205196543
082 ## - DEWEY DECIMAL CLASSIFICATION NUMBER
Classification number 371.90285
Item number MAL-T
100 ## - MAIN ENTRY--PERSONAL NAME
Personal name Mary Male
245 #0 - TITLE STATEMENT
Title Technology for inclusion
260 ## - PUBLICATION, DISTRIBUTION, ETC.
Name of publisher, distributor, etc. Allya and Bacon
Place of publication, distribution, etc. Boston
Date of publication, distribution, etc. 1997
300 ## - PHYSICAL DESCRIPTION
Extent 198
546 ## - LANGUAGE NOTE
Language note Eng.
650 ## - SUBJECT ADDED ENTRY--TOPICAL TERM
Topical term or geographic name entry element Management
Form subdivision Social Development, integrating technology, partnerships between parents and pro
942 ## - ADDED ENTRY ELEMENTS (KOHA)
Koha item type BOOK
Holdings
Withdrawn status Lost status Source of classification or shelving scheme Damaged status Not for loan Home library Current library Date acquired Total Checkouts Full call number Barcode Date last seen Price effective from Koha item type
    Dewey Decimal Classification     Superior Information Resource Center (SIRC) Superior University- Main Campus Superior Information Resource Center (SIRC) Superior University- Main Campus 03/13/2023   371.90285 MAL-T 1979 03/13/2023 03/13/2023 BOOK

Powered by Koha